Identification of certain ecophysiological traits related to drought tolerance in two Mediterranean species (Record no. 53105)

MARC details
000 -LEADER
fixed length control field 00380nam a2200121Ia 4500
100 ## - MAIN ENTRY--AUTHOR NAME
Personal name Nair D B
245 #0 - TITLE STATEMENT
Title Identification of certain ecophysiological traits related to drought tolerance in two Mediterranean species
260 ## - PUBLICATION, DISTRIBUTION, ETC. (IMPRINT)
Name of publisher ISPP 2008, IARI, New Delhi, p. 67.
700 ## - ADDED ENTRY--PERSONAL NAME
Personal name Jacob J
700 ## - ADDED ENTRY--PERSONAL NAME
Personal name Valladares F
942 ## - ADDED ENTRY ELEMENTS (KOHA)
Koha item type Bibliography STAF
Holdings
Withdrawn status Lost status Damaged status Not for loan Home library Current library Date acquired Koha item type
      Bibliography RRII Library RRII Library 09/04/2014 Bibliography STAF